000 00443nam a2200169Ia 4500
008 210719s2012 xx 000 0 und d
041 _akan
082 _a362.292K SHRM
100 _aSHRINIVASAYYA (Ho)
245 _aMadhyapAnada viruddha mahAtma gAndhi
260 _aBengaLUru
_c2012
300 _ax,45
_bPB
365 _cRs
650 _aSocial Problems
650 _aSocial Work
906 _agAndhi ; MadhyapAnada ; mahAtma ; viruddha
999 _c215445
_d215445